|
|
|
|
| LEADER |
01070nam a22002777a 4500 |
| 001 |
39194 |
| 003 |
BD-DhAAL |
| 008 |
220721t2017 cau b 001 0 eng d |
| 999 |
|
|
|c 41688
|d 41688
|
| 020 |
|
|
|a 9781446295625 (pbk)
|
| 020 |
|
|
|a 9781446295618 (hbk)
|
| 040 |
|
|
|a BD-DhAAL
|c BD-DhAAL
|
| 082 |
|
|
|a 401.93
|
| 100 |
1 |
|
|a Saxton, Matthew.
|9 50107
|
| 245 |
1 |
0 |
|a Child language :
|b acquisition and development /
|c Matthew Saxton.
|
| 260 |
|
|
|a Los Angeles :
|b SAGE Publications,
|c c2017.
|
| 300 |
|
|
|a xviii, 383 pages ;
|c 24 cm.
|
| 504 |
|
|
|a Includes bibliographical references (pages [313]-359) and index.
|
| 526 |
|
|
|a ENH
|
| 541 |
|
|
|a Book Finder International
|e 39194
|
| 650 |
|
0 |
|a Language acquisition.
|9 50108
|
| 650 |
|
0 |
|a Children
|x Language.
|9 50109
|
| 650 |
|
0 |
|a English language.
|9 50110
|
| 852 |
|
|
|a Ayesha Abed Library
|c General Stacks
|
| 942 |
|
|
|2 ddc
|c BK
|
| 952 |
|
|
|0 0
|1 0
|2 ddc
|4 0
|6 401_930000000000000_SAX
|7 0
|9 71210
|a BRACUL
|b BRACUL
|c GEN
|d 2022-07-07
|e Book Finder International
|g 3090.83
|l 1
|m 20
|o 401.93 SAX
|p 3010039194
|r 2024-06-23
|s 2024-01-22
|t 1
|v 3090.83
|w 2022-07-07
|y BK
|